Твоят свят (Запис номер 111798)
[ съкратено ]
| 000 -Лидер | |
|---|---|
| Контролно поле с фиксирана дължина | 01660nam a2200361 c 4500 |
| 003 - Код на организацията, давaща контролен номер | |
| Контролно поле | BLK |
| 005 - Дата и час на последна редакция | |
| Контролно поле | 20180422110043.0 |
| 008 - Елементи от данни с фиксирана дължина | |
| fixed length control field | 180409b bul|||||r ||||||| ||bul|| |
| 010 ## - Наследен системен номер | |
| LC control number | KNG00117148000 |
| 020 ## - Международен стандартен номер на книга ISBN | |
| Международен стандартен номер на книга ISBN | 954-8517-27-2 |
| -- | издат.: ICON - на том(кн. 1) |
| 040 ## - Източник на каталожния запис | |
| Идентификатор на билиотеката - собственик на записа | BLK |
| 041 ## - Код за език | |
| Код за езика на текст/звукозапис или на отделно заглавие | Български |
| Код за езика КДБФ | Български |
| 080 ## - УДК | |
| Текстов определител УДК | Общи енциклопедии. Енциклопедични речници. Научни справочници. Отраслови енциклопедии и справочници се класират в съответните отдели с определител за форма |
| УДК код - определител по УДК | 03 |
| УДК определител | :087.5 |
| УДК - код + определител | 03:087.5 |
| 100 1# - Редна дума - Автор | |
| Автор | Уилкс, Анджела |
| Авторска отговорност | първи автор |
| R(LIN) | 370063 |
| 139 ## - Редно поле | |
| Редна дума | Уилкс, Анджела |
| Авторски знак | Уил - У 37 |
| 245 10 - Сведения за заглавието | |
| Заглавие | Твоят свят |
| Подзаглавни данни | Енциклопедия : В 5 кн. |
| Редно поле (дума) | Анджела Уилкс; прев. Рая Йотова. |
| Том | Кн. 1 |
| Заглавие на том | Вселена и праистория |
| 257 ## - Страна на издаване | |
| Страна на създаване/издаване | Великобритания |
| 260 ## - Област на издателските данни | |
| -- | София |
| Година на издаване | 2002 - |
| Печатница | София : Д. Благоев |
| 300 ## - Физическа характеристика | |
| Размери/Мащаб | 28 см |
| 380 ## - Жанр | |
| Жанр | Детска отраслова лит. |
| 500 ## - Общи забележки | |
| Забележка | Ориг. загл. Your world / Angela Wilkes. - Азб. показалец |
| 653 ## - Ключова дума – ненормативна | |
| Ключова дума | Вселена |
| 653 ## - Ключова дума – ненормативна | |
| Ключова дума | праистория |
| 653 ## - Ключова дума – ненормативна | |
| Ключова дума | планети |
| 653 ## - Ключова дума – ненормативна | |
| Ключова дума | динозаври |
| 700 1# - Други автори (авторска отговорност) | |
| Лично име | Йотова, Рая |
| Автороска отговорност (Описва отношението между автора и произведението) | прев. |
| 9 (RLIN) | 366548 |
| 760 1# - Описание на основната серия | |
| -- | - на том(кн. 1) |
| Редна дума на основното описание | Уилкс, Анджела |
| Място на издаване, издател и година | ICON, 2002 |
| Страници - том | 64 с. : с цв. ил. |
| Заглавие | Кн. 1 Вселена и праистория |
| 852 ## - Местоположение | |
| Форматна сигнатура | Цб ІІ 11660 |
| 856 4# - Електронен адрес и достъп | |
| Електронен формат | pdf - файл |
| Път до файла /url/ | |
| 856 4# - Електронен адрес и достъп | |
| Електронен формат | pdf - файл |
| Път до файла /url/ | |
| 942 ## - АРТИКУЛИ | |
| Вид на библиотечния материал | Книги |
| Скрит в OPAC | Не |
| 944 ## - СЪЗДАВАНЕ И РЕДАКЦИЯ на ЗАПИСА | |
| Създаване/Редакция | Създаване |
| Дата на регистрацията/редакция | 25.01.2005 |
| Служител, извършил регистрацията/редакцията | Геновева_Генчева |
| 944 ## - СЪЗДАВАНЕ И РЕДАКЦИЯ на ЗАПИСА | |
| Създаване/Редакция | Редакция |
| Дата на регистрацията/редакция | 31.01.2005 |
| Служител, извършил регистрацията/редакцията | |
| 999 ## - СИСТЕМНИ КОНТРОЛНИ НОМЕРА | |
| Koha biblionumber | 111798 |
| Koha biblioitemnumber | 111798 |
| Код за отписване | Код за изгубен артикул | Код за повреда | Коз за рестрикции | Код за отдаване | Артикулен № | Име на библиотеката - собственик | Име на библиотеката, в която се намира в момента | Статус (Текущо местоположение) | Дата на вписване в системата | Местоположение - отдел | Цена в лева | Инвентарен номер | Систематично азбучна сигнатура | Баркод | Номер на екземпляра | Цена в евро | Служебна бележка | Служебен тип на артикула |
|---|---|---|---|---|---|---|---|---|---|---|---|---|---|---|---|---|---|---|
| Не е изгубен | Не е повреден | без рестрикции | ползва се в читалня | 179462 | Регионална библиотека "Любен Каравелов" Русе | Регионална библиотека "Любен Каравелов" Русе | Хранилище | 2005-01-25 | Хранилище | 16.00 | 120000691412 | Цб ІІ 11660 | 120000691412 | 1 | 8.18 | Дост: Dp Вид: Д N: 13 Дата: 17.03.2004 | Книги |